| 000 | 00618nam a22002417a 4500 | ||
|---|---|---|---|
| 001 | 14414 | ||
| 003 | BD-JhCC | ||
| 005 | 20251028110024.0 | ||
| 008 | 251028b |||||||| |||| 00| 0 eng d | ||
| 020 | _a9780141397283 | ||
| 035 | _a(BD-JhCC) 14414 | ||
| 040 |
_aBD-JhCC _dBD-JhCC |
||
| 041 | _aeng | ||
| 082 |
_223 _a910.9 _bKIN |
||
| 100 | _aKingsley,Mary | ||
| 245 |
_aA Hippo Banquet / _cMary Kingsly |
||
| 260 |
_aLondon: _bPenguin Classics, _c2015 |
||
| 300 |
_a51 p.; _c16 cm. |
||
| 490 |
_aPenguin Little Black Classics, _v32 |
||
| 650 | _aDiscoveries in geography | ||
| 650 | _aTravel | ||
| 942 |
_2ddc _cBK |
||
| 999 |
_c14414 _d14414 |
||